Name That Famous Landmark - Africa - Statistics

General Stats
  • This quiz has been taken 13 times
  • The average score is 3 of 12
Answer Stats
Picture Hint Answer % Correct
The mountain Mount Kilimanjaro
77%
the mountain Table Mountain
69%
Sphynx of Giza
38%
Victoria Waterfalls
38%
National Park in South Africa Kruger national park
31%
Pyramids of Giza
31%
Abu Simbel Temple
15%
Hassan II Mosque
15%
Amphitheatre of el Jem
0%
Kasbah of Algiers
0%
national park Tarangire national park
0%
Tripoli's Red Castle
0%
No matching quizzes found
Score Distribution
Percent of People with Each Score
Percentile by Number Answered
Your Score History
You have not taken this quiz